00299nam a2200109Ia 4500008004100000020002200041082001900063100001400082245005400096260002900150300001000179210430s9999 xx 000 0 und d a978-0-07-067283-3 a322.1 G 1951 T aL Ganesan aTransmission Lines and Wave Guides 2ndcL Ganesan aIndiabMcGraw Hillc2010 a338 p